Cuentos urbanos / (Record no. 122592)
[ view plain ]
| 000 -CABECERA | |
|---|---|
| campo de control de longitud fija | 00630nam a2200205 a 4500 |
| 005 - FECHA Y HORA DE LA ÚLTIMA TRANSACCIÓN | |
| campo de control | 20250215063803.0 |
| 008 - ELEMENTOS DE LONGITUD FIJA--INFORMACIÓN GENERAL | |
| campo de control de longitud fija | 070611s2000 cl r 000 0 spa d |
| 020 ## - NÚMERO INTERNACIONAL NORMALIZADO PARA LIBROS | |
| Número Internacional Estándar del Libro | 9583006491 |
| 035 ## - NÚMERO DE CONTROL DEL SISTEMA | |
| Número de control de sistema | UPN01000150451 |
| 049 ## - COLECCIÓN | |
| Colección | CG |
| 050 #4 - SIGNATURA TOPOGRÁFICA DE LA BIBLIOTECA DEL CONGRESO | |
| Número de clasificación | PQ7082 C8 |
| Número de documento/Ítem | C8.36 |
| 245 00 - MENCIÓN DE TÍTULO | |
| Título | Cuentos urbanos / |
| Mención de responsabilidad, etc. | selec. de Guido L. Tamayo S. ; il. Jorge Alberto Avila. |
| 260 ## - PUBLICACIÓN, DISTRIBUCIÓN, ETC. | |
| Lugar de publicación, distribución, etc. | Santafé de Bogotá : |
| Nombre del editor, distribuidor, etc. | Panamericana, |
| Fecha de publicación, distribución, etc. | 2000. |
| 300 ## - DESCRIPCIÓN FÍSICA | |
| Extensión | 144 p. : |
| Otras características físicas | il. |
| 440 #3 - MENCIÓN DE SERIE/ASIENTO SECUNDARIO--TÍTULO | |
| Título | El pozo y el péndulo |
| 650 #4 - ASIENTO SECUNDARIO DE MATERIA - TERMINO TEMATICO | |
| Término de materia o nombre geográfico como elemento de entrada | CUENTOS LATINOAMERICANOS |
| 9 (RLIN) | 12678 |
| 650 #2 - ASIENTO SECUNDARIO DE MATERIA - TERMINO TEMATICO | |
| Término de materia o nombre geográfico como elemento de entrada | Sociología urbana |
| 9 (RLIN) | 5891 |
| 700 1# - ASIENTO SECUNDARIO--NOMBRE DE PERSONAL | |
| Nombre de persona | Tamayo Sánchez, Guido L., |
| Término indicativo de función/relación | comp. |
| 905 ## - TIPO DE MATERIAL | |
| Tipo de material | Libro |
| Estado de retiro | Estado de pérdida | Fuente del sistema de clasificación o colocación | Estado dañado | No para préstamo | Código de colección | Localización permanente | Ubicación/localización actual | Ubicación en estantería | Total de préstamos | Clasificación | Código de barras | Fecha visto por última vez | Número de copia | Tipo de ítem Koha |
|---|---|---|---|---|---|---|---|---|---|---|---|---|---|---|
| Library of Congress Classification | Colección General | Bib. Gregorio Torres Quintero | Bib. Gregorio Torres Quintero | Planta baja | 2 | PQ7082 C8 C8.36 | 247759 | 31/12/2020 | 1 | Libro |
